| 000 | 00727nam a22002297a 4500 | ||
|---|---|---|---|
| 003 | BCEG | ||
| 005 | 20260116134000.0 | ||
| 008 | 260116s2015 mx|||||| |||| 00| 0 spa d | ||
| 020 | _a9786079675110 | ||
| 040 |
_aBCEG _bspa _cBCEG |
||
| 082 | 0 | 4 |
_a303.484 _bZ641d |
| 100 |
_aZibechi, Raúl, _d1952-. |
||
| 245 | 1 | 0 |
_aDescolonizar el pensamiento crítico y las rebeldías _b: autonomías y emancipaciones en la era del progresismo. |
| 260 |
_aMéxico : _bBajo Tierra, _c2015. |
||
| 300 | _a385 p. | ||
| 504 | _aIncluye bibliografía. | ||
| 541 | _aDonación. | ||
| 650 | 1 | 4 |
_aMovimientos sociales _zAmérica Latina. |
| 650 | 1 | 4 |
_aDescolonización _zAmérica Latina. |
| 650 | 1 | 4 |
_aCambio social _zAmérica Latina. |
| 942 | _cBK | ||
| 999 |
_c437023 _d437023 |
||